Democracia de género: una propuesta para mujeres y hombres del siglo XXI /
Gorde:
| Egile korporatiboa: | , |
|---|---|
| Formatua: | Texto |
| Argitaratua: |
San José:
Fundación Heinrich Böll Stiftung. Fundación Género y Sociedad
|
| Gaiak: | |
| Etiketak: |
Etiketa erantsi
Etiketarik gabe, Izan zaitez lehena erregistro honi etiketa jartzen!
|
MARC
| LEADER | 00000 a a2200000 04500 | ||
|---|---|---|---|
| 001 | 29380 | ||
| 003 | |||
| 040 | |||
| 020 | |a 9968-829-07-2 | ||
| 090 | |a 192108 | ||
| 110 | |a Gomaris, Enrique | ||
| 245 | |a Democracia de género: una propuesta para mujeres y hombres del siglo XXI / |c Enrique Gomaris | ||
| 260 | |a San José: |b Fundación Heinrich Böll Stiftung. Fundación Género y Sociedad | ||
| 650 | |a DISCRIMINACION BASADA EN EL GENERO | ||
| 650 | |a DERECHOS DE LA MUJER | ||
| 650 | |a PARTICIPACION DE LA MUJER | ||
| 650 | |a IGUALDAD DE GENERO | ||
| 650 | |a IGUALDAD DE OPORTUNIDADES | ||
| 710 | |a comp |a Meentzen, Ängela |a comp | ||
| 999 | |c 13195 |d 13195 | ||



